000 00594nam a2200229Ia 4500
003 OSt
005 20221006164211.0
006 a|||||r|||| 00| 0
007 ta
008 221006b |||||||| |||| 00| 0 eng d
024 _a1,861
037 _cTextual
040 _aFML
_cFML
_beng
041 _2eng
_aeng
082 _aNA441,9(Q2), N4
100 _aNatarajav B Au.
_9676836
245 0 _aTillai and Natraja
260 _aChannei
_bMudgala Trust
_c1994
300 _a632
_ccm.
942 _hNA441,9(Q2), N4
_cTEXL
_2CC
999 _c1116500
_d1116500